Statystyki dla Największe miasta w Polsce na literę Ż

Kliknij tutaj aby rozwiązać quiz!

Ogólne statystyki

  • Ten quiz został rozwiązany 270 razy
  • Średni wynik to 5 z 10

Statystyki odpowiedzi

Rank.Liczba mieszańcówWojewództwoMiasto% Poprawnych
1.62.472śląskieŻory
89%
3.37.304lubuskieŻary
79%
2.39.828mazowieckiŻyrardów
75%
4.25.668lubuskieŻagań
71%
5.31.091śląskieŻywiec
59%
6.13.793kujawsko-pomorskieŻnin
58%
7.8.816mazowieckieŻuromin
35%
10.6.689pomorskieŻukowo
23%
8.8.109łódzkieŻychlin
23%
9.6.698dolnośląskieŻarów
14%

Rozkład punktacji

Percentyl według liczby udzielonych odpowiedzi

Procent ludzi z każdym wynikiem

Twoja historia wyników

Nie rozwiązałeś tego quizu